000 00291nam a22001337a 4500
020 _a0340416521
082 _a658.4FEA
100 _aFearns Peter
_96553
245 _aBusiness Studies
260 _aBritain
_bRichard clay
_c1998
300 _aviii,294p,19cm
500 _aindex
942 _cBK
999 _c17834
_d17834